Little women : (Record no. 48394)
| 000 -LEADER | |
|---|---|
| fixed length control field | 00951nam a2200241 4500 |
| 020 ## - INTERNATIONAL STANDARD BOOK NUMBER | |
| International Standard Book Number | 9781402712364 |
| 040 ## - CATALOGING SOURCE | |
| Original cataloging agency | DLC |
| Transcribing agency | DLC |
| Modifying agency | DLC |
| 042 ## - AUTHENTICATION CODE | |
| Authentication code | lcac |
| 050 00 - LIBRARY OF CONGRESS CALL NUMBER | |
| Classification number | PZ7.M4784548 |
| Item number | Li 2005 |
| 082 00 - DEWEY DECIMAL CLASSIFICATION NUMBER | |
| Classification number | [Fic] |
| Edition number | 22 |
| 100 1# - MAIN ENTRY--PERSONAL NAME | |
| Personal name | McFadden, Deanna, |
| Fuller form of name | author. |
| 9 (RLIN) | 86031 |
| 245 10 - TITLE STATEMENT | |
| Title | Little women : |
| Remainder of title | retold from the Louisa May Alcott original / |
| Statement of responsibility, etc | by Deanna McFadden ; illustrated by Lucy Corvino . |
| 260 ## - PUBLICATION, DISTRIBUTION, ETC. (IMPRINT) | |
| Place of publication, distribution, etc | New York : |
| Name of publisher, distributor, etc | Sterling Pub., |
| Date of publication, distribution, etc | 2005. |
| 300 ## - PHYSICAL DESCRIPTION | |
| Extent | 153 p. : |
| Other physical details | ill. ; |
| Dimensions | 20 cm. |
| 490 ## - SERIES STATEMENT | |
| Series statement | Classic starts |
| 520 ## - SUMMARY, ETC. | |
| Summary, etc | An abridged version of the novel chronicling the joys and sorrows of the four March sisters as they grow into young women in mid-nineteenth-century New England. |
| 650 #1 - SUBJECT ADDED ENTRY--TOPICAL TERM | |
| Topical term or geographic name as entry element | Sisters |
| Form subdivision | Fiction. |
| 650 #1 - SUBJECT ADDED ENTRY--TOPICAL TERM | |
| Topical term or geographic name as entry element | Family life |
| Form subdivision | Fiction. |
| 651 #1 - SUBJECT ADDED ENTRY--GEOGRAPHIC NAME | |
| Geographic name | New England |
| General subdivision | History |
| Chronological subdivision | 19th century |
| Form subdivision | Fiction. |
| 700 1# - ADDED ENTRY--PERSONAL NAME | |
| Personal name | Corvino, Lucy, |
| Relator term | ill. |
| 9 (RLIN) | 86032 |
| 700 1# - ADDED ENTRY--PERSONAL NAME | |
| Personal name | Alcott, Louisa May, |
| Dates associated with a name | 1832-1888. |
| Title of a work | Little women. |
| 9 (RLIN) | 86033 |
| 942 ## - ADDED ENTRY ELEMENTS (KOHA) | |
| Source of classification or shelving scheme | |
| Koha item type | Book |
No items available.